Quick Pick: God or Harry Potter Spell? Quiz Stats

 Plays Quiz Updated Jun 19, 2019

Score 0/12 Timer 01:00
0 Plays Today
% Correct
Vishnu
84.7%
Shezmu
76.2%
Kuraokami
75.7%
Hanuman
75.4%
Nyx
71.4%
Epimetheus
70.3%
Viracocha Rimac
69.8%
Arensnuphis
69.1%
Astraeus
68.5%
Sandraudiga
66.9%
Egeria
61.5%
Mandulis
55.7%

Today's Daily Dose

Missing Word
Banned Books (A-Z)

Word Ladder
Janis Joplin

Get the Picture
Occupations

You're not logged in!

Compare scores with friends on all Sporcle quizzes.
OR
Log In

Sporcle TV

Today on Sporcle TV


Watch our educational content, quiz creation guides, and fun videos on Sporcle TV.

Show Comments

Extras

Top Quizzes Today


Score Distribution

Your Account Isn't Verified!

In order to create a playlist on Sporcle, you need to verify the email address you used during registration. Go to your Sporcle Settings to finish the process.

Report this User

Report this user for behavior that violates our Community Guidelines.

Details: